[Event "MDA-ch (Women)"]
[Site "Kishinev"]
[Date "2022.02.22"]
[Round "4"]
[White "Golubas, Ecaterina"]
[Black "Cazacu, Raluca Cristiana"]
[Result "0-1"]
[WhiteElo "1169"]
[BlackElo "1211"]
[PlyCount "66"]
[EventDate "2022.02.19"]
[EventType "swiss"]
[EventRounds "7"]
[EventCountry "MDA"]
[SourceTitle "CBM 207 Extra"]
[Source "ChessBase"]
[SourceDate "2022.05.31"]
[SourceVersion "1"]
[SourceVersionDate "2022.05.31"]
[SourceQuality "1"]

1. d4 d5 2. Bf4 Nf6 3. Nf3 c6 4. e3 e6 5. Bd3 Nbd7 6. Nbd2 Be7 7. 0-0 0-0 8. c4 a6 9. c5 h6 10. b4 b6 11. a4 a5 12. bxa5 bxc5 13. dxc5 Bxc5 14. Nb3 Bb4 15. Qc2 Bb7 16. Ne5 Nxe5 17. Bxe5 Bxa5 18. Nxa5 Rxa5 19. Rfb1 Qe7 20. Bc3 Raa8 21. Bb4 Qc7 22. Bxf8 Rxf8 23. h3 c5 24. Bb5 c4 25. f3 Ba8 26. Qc3 Rd8 27. a5 Nh5 28. Rb2 Ng3 29. Ra3 Nf5 30. e4 dxe4 31. Qxc4 Rd1+ 32. Kf2 Qg3+ 33. Ke2 Qe1# 0-1